TMNT 2003 Intro Song Lyrics - Statistics

General Stats
  • This quiz has been taken 41 times
  • The average score is 10 of 18
Answer Stats
Hint Answer % Correct
1, 2, 3, 4! Turtles! Mutant chain ______ reaction
79%
1, 2, 3, 4! _, _, _, _! Teenage Mutant Ninja Turtles 1234
74%
Two! Never ____ unless someone else starts fight
71%
Turtles! Watch out for _______ Shredder
71%
I love bein' a _____ turtle
71%
Turtles! Livin' _______ underground
65%
I love ____ a. I love ____ a bein'
59%
_____ ______ ______ ______ Teenage Mutant Ninja Turtles
56%
Teenage Mutant NInja Turtles. Turtles, ____ __ ___ count it off!
50%
Turtles, count if off! One! Live by the code of the ______ ____ martial arts
50%
Turtles! They're like no _____ others
50%
Turtles! It's a _____ of a town shell
50%
________. Count it off! Turtles
50%
Four! If all else fails, then it's time to ____ ____ kick butt
44%
Turtles! _______ action Ninjitsu
41%
Three! Always ____ ________ no matter what stick together
41%
1, 2, 3, 4! Turtles! There's __ ___ _____ no one better
32%
Turtles! Those ______ brothers teenage
26%
No matching quizzes found
Score Distribution
Percent of People with Each Score
Percentile by Number Answered
Your Score History
You have not taken this quiz